000 00585nam a2200181Ia 4500
008 100920s9999 xx 000 0 und d
082 _b18031
_a320 थ 67
100 _aलिमये हरि.
245 _aदारूबंदीची नशा.
260 _bरुचि प्रकाशन, पुणे.
_c1967
300 _a91
_bसाधी
365 _b3.5
520 _aराजकारण.
630 _aदारूबंदीची नशा.
650 _aराजकारण.
730 _aदारूबंदीची नशा.
942 _cBOOK
999 _c679904
_d679901